00556 2200205 4500001002100000005001500021035002000036007000300056008004100059020002200100082000800122084001400130100002700144245005900171250001000230260003900240300002900279650003200308990001000340INLIS00000000000047320171003112514 a0010-1017000027ta171003 f 0 ind  a978-979-25-4733-7 a297 a297 AZZ m0 aAzzet, Akhmad Muhaimin1 aMutiara Hikmah Pembangun Jiwa /cAkhmad Muhaimin Azzet aCet.4 aYogyakarta :bAr Ruzz Media,c2014 a128hlm ;c13.5 x 20.5 cm aIslam Sebagai Pedoman Hidup a15461